[Event "Heusenstamm Schloss op"]
[Site "Heusenstamm"]
[Date "2022.11.19"]
[Round "4"]
[White "Minor, Viatcheslav"]
[Black "Hagner, Bennet"]
[Result "0-1"]
[WhiteElo "2025"]
[BlackElo "2336"]
[PlyCount "32"]
[EventDate "2022.11.17"]
[EventType "swiss"]
[EventRounds "7"]
[EventCountry "GER"]
[SourceTitle "CBM 212 Extra"]
[Source "ChessBase"]
[SourceDate "2023.03.31"]
[SourceVersion "1"]
[SourceVersionDate "2023.03.31"]
[SourceQuality "1"]

1. e4 e5 2. Bc4 Nf6 3. Nc3 Nc6 4. d3 Bc5 5. f4 0-0 6. f5 d5 7. Nxd5 Nxe4 8. Qh5 Nf6 9. Nxf6+ Qxf6 10. g4 Nd4 11. Bg5 Qc6 12. 0-0-0 Qxh1 13. Bh6 Qg2 14. Bd2 b5 15. Bb3 Nxb3+ 16. axb3 Bxg1 0-1

[Event "Heusenstamm Sparkassen op-A 7th"]
[Site "Heusenstamm"]
[Date "2021.11.19"]
[Round "3.39"]
[White "Minor, Viatcheslav"]
[Black "Stumpf, Daniel"]
[Result "0-1"]
[WhiteElo "2041"]
[BlackElo "1931"]
[PlyCount "96"]
[EventDate "2021.11.18"]
[EventType "swiss"]
[EventRounds "7"]
[EventCountry "GER"]
[SourceTitle "EXT 2023"]
[Source "ChessBase"]
[SourceDate "2022.10.05"]
[SourceVersion "1"]
[SourceVersionDate "2022.10.05"]
[SourceQuality "1"]

1. e4 c5 2. d3 Nc6 3. Nf3 g6 4. g3 Bg7 5. Bg2 e6 6. 0-0 Nge7 7. c3 d5 8. Nbd2 0-0 9. Re1 b6 10. Qe2 Bb7 11. e5 d4 12. c4 Nb4 13. Nf1 h5 14. Bf4 a6 15. h3 b5 16. b3 Rb8 17. g4 hxg4 18. hxg4 Qc7 19. Qd2 Bxf3 20. Bxf3 Nbc6 21. Qe2 bxc4 22. bxc4 Rb6 23. Nh2 Rfb8 24. Bxc6 Rb2 25. Qf3 Nxc6 26. Qg3 Nb4 27. Rad1 Nxa2 28. Qf3 Nc3 29. Ra1 a5 30. g5 a4 31. Ng4 Kf8 32. Nf6 Qb7 33. Qg4 Ke7 34. Bc1 Rh8 35. Ne4 Nxe4 36. Rxe4 Rb1 37. Rxb1 Qxb1 38. Re1 Qxd3 39. Qg2 Rd8 40. Qc6 Qxc4 41. Ba3 Kf8 42. Qc7 Qd5 43. Bxc5+ Kg8 44. Be7 Ra8 45. Bf6 a3 46. Qc1 a2 47. Qa1 d3 48. Rd1 Ra4 0-1

[Event "Erfurt op-A 29th"]
[Site "Erfurt"]
[Date "2019.12.27"]
[Round "2"]
[White "Minor, Viatcheslav"]
[Black "Niedzielski, Lars"]
[Result "0-1"]
[WhiteElo "2062"]
[BlackElo "1939"]
[PlyCount "92"]
[EventDate "2019.12.26"]
[EventType "swiss"]
[EventRounds "8"]
[EventCountry "GER"]
[SourceTitle "CBM 194 Extra"]
[Source "ChessBase"]
[SourceDate "2020.03.31"]
[SourceVersion "1"]
[SourceVersionDate "2020.03.31"]
[SourceQuality "1"]

1. e4 e6 2. d3 d5 3. Nd2 c5 4. Ngf3 Nc6 5. g3 Nf6 6. Bg2 Be7 7. 0-0 0-0 8. e5 Nd7 9. Re1 Qc7 10. Qe2 b5 11. Nf1 a5 12. h4 a4 13. Bf4 a3 14. b3 Bb7 15. h5 Rfc8 16. Ne3 Qd8 17. Ng4 Nd4 18. Qd1 Nxf3+ 19. Bxf3 c4 20. d4 cxb3 21. cxb3 Rc6 22. Qd3 Ba6 23. Rec1 b4 24. Qd2 Rac8 25. Rxc6 Rxc6 26. Rc1 Qc8 27. Rxc6 Qxc6 28. Be2 Bxe2 29. Qxe2 Nb8 30. h6 g6 31. Be3 Qa6 32. Qf3 Nd7 33. Qd1 Qc6 34. Qd2 Bf8 35. Bg5 Qc7 36. Kf1 Qc6 37. Qd3 Nb8 38. Nf6+ Kh8 39. Qf3 Qb7 40. Ne8 Qb5+ 41. Kg2 Qxe8 42. Qf6+ Kg8 43. Bd2 Nc6 44. Qf4 Qb8 45. Qh4 Qb6 46. Be3 Qb5 0-1

[Event "Schweinfurt op 29th"]
[Site "Schweinfurt"]
[Date "2019.06.22"]
[Round "4"]
[White "Helm, Timo"]
[Black "Minor, Viatcheslav"]
[Result "0-1"]
[WhiteElo "2109"]
[BlackElo "2032"]
[PlyCount "56"]
[EventDate "2019.06.20"]
[EventType "swiss"]
[EventRounds "7"]
[EventCountry "GER"]
[SourceTitle "CBM 191 Extra"]
[Source "ChessBase"]
[SourceDate "2019.09.30"]
[SourceVersion "1"]
[SourceVersionDate "2019.09.30"]
[SourceQuality "1"]

1. e4 e6 2. d4 d5 3. Nc3 Bb4 4. exd5 exd5 5. Bd3 Nc6 6. Nge2 Nge7 7. 0-0 Bg4 8. a3 Bxc3 9. bxc3 0-0 10. f3 Bf5 11. c4 Bxd3 12. Qxd3 dxc4 13. Qxc4 Qd7 14. c3 Rad8 15. Bf4 Nd5 16. Bd2 Rfe8 17. Rfe1 Nb6 18. Qa2 Na5 19. Ng3 Nbc4 20. Re4 Nxd2 21. Qxd2 Nb3 22. Qg5 h6 23. Qh5 Nxa1 24. Rg4 Re6 25. Nf5 Rg6 26. Rxg6 fxg6 27. Qxg6 Kf8 28. Qh7 Qf7 0-1

[Event "Schweinfurt op 29th"]
[Site "Schweinfurt"]
[Date "2019.06.22"]
[Round "5"]
[White "Minor, Viatcheslav"]
[Black "Weise, Martin"]
[Result "1-0"]
[WhiteElo "2032"]
[BlackElo "2122"]
[PlyCount "69"]
[EventDate "2019.06.20"]
[EventType "swiss"]
[EventRounds "7"]
[EventCountry "GER"]
[SourceTitle "CBM 191 Extra"]
[Source "ChessBase"]
[SourceDate "2019.09.30"]
[SourceVersion "1"]
[SourceVersionDate "2019.09.30"]
[SourceQuality "1"]

1. e4 e6 2. d3 d5 3. Nd2 Nf6 4. Ngf3 c5 5. g3 Nc6 6. Bg2 Be7 7. 0-0 0-0 8. e5 Nd7 9. Re1 Qc7 10. Qe2 b5 11. Nf1 Bb7 12. h4 Rfc8 13. Bf4 Qd8 14. N1h2 b4 15. h5 h6 16. Ng4 Qf8 17. Qd2 Kh7 18. Rab1 a5 19. Ne3 a4 20. c4 bxc3 21. bxc3 Ba6 22. c4 d4 23. Ng4 Bd8 24. Qe2 Ba5 25. Red1 Kh8 26. Nd2 Rab8 27. Ne4 Rxb1 28. Rxb1 Rb8 29. Rxb8 Qxb8 30. Nd6 Nd8 31. Bxh6 gxh6 32. Nxh6 Kg7 33. Qg4+ Kxh6 34. Nxf7+ Nxf7 35. Qg6# 1-0

[Event "Bamberg op 2nd"]
[Site "Bamberg"]
[Date "2019.06.02"]
[Round "7"]
[White "Stauch, Edgar"]
[Black "Minor, Viatcheslav"]
[Result "1/2-1/2"]
[WhiteElo "2207"]
[BlackElo "2032"]
[PlyCount "75"]
[EventDate "2019.05.29"]
[EventType "swiss"]
[EventRounds "7"]
[EventCountry "GER"]
[SourceTitle "CBM 190 Extra"]
[Source "ChessBase"]
[SourceDate "2019.07.15"]
[SourceVersion "1"]
[SourceVersionDate "2019.07.15"]
[SourceQuality "1"]

1. c4 Nf6 2. g3 c5 3. Bg2 d5 4. cxd5 Nxd5 5. Nc3 Nc7 6. Nf3 Nc6 7. 0-0 e5 8. d3 Be7 9. Ne1 Bd7 10. f4 exf4 11. gxf4 0-0 12. e4 Ne6 13. Qh5 Ned4 14. Be3 Rc8 15. Rc1 f6 16. Kh1 Be8 17. Qd1 Bd6 18. Bh3 Bd7 19. Qh5 Bxh3 20. Qxh3 Qe7 21. Nd5 Qe6 22. f5 Qf7 23. Ng2 Rfe8 24. Rf2 Nb4 25. Ngf4 Be5 26. Rg2 Nxd5 27. Nxd5 Kh8 28. Rcg1 Rg8 29. Rg4 Nxf5 30. exf5 Qxd5+ 31. R1g2 g6 32. fxg6 Rc7 33. Bh6 f5 34. Rg5 Rxg6 35. Rxg6 hxg6 36. Bf4+ Rh7 37. Bxe5+ Qxe5 38. Qf3 1/2-1/2

[Event "Bamberg op 2nd"]
[Site "Bamberg"]
[Date "2019.05.30"]
[Round "3"]
[White "Promyshlyanskiy, Vitaliy"]
[Black "Minor, Viatcheslav"]
[Result "1-0"]
[WhiteElo "2282"]
[BlackElo "2032"]
[PlyCount "83"]
[EventDate "2019.05.29"]
[EventType "swiss"]
[EventRounds "7"]
[EventCountry "GER"]
[SourceTitle "CBM 190 Extra"]
[Source "ChessBase"]
[SourceDate "2019.07.15"]
[SourceVersion "1"]
[SourceVersionDate "2019.07.15"]
[SourceQuality "1"]

1. e4 e6 2. d4 d5 3. Nd2 c5 4. exd5 Qxd5 5. Ngf3 cxd4 6. Bc4 Qd6 7. 0-0 Nf6 8. Nb3 Nc6 9. Nbxd4 Nxd4 10. Nxd4 a6 11. Re1 Qc7 12. Qe2 Bd6 13. Bg5 0-0 14. Bd3 Nd5 15. g3 b5 16. c3 Bb7 17. a4 b4 18. c4 Nb6 19. Qh5 g6 20. Qh4 Rfe8 21. b3 Nd7 22. Be4 Nc5 23. Bxb7 Qxb7 24. Re3 e5 25. Rae1 Qd7 26. Nc2 Rab8 27. Rd1 Qc7 28. g4 Bf8 29. Rh3 f6 30. Bxf6 Ne4 31. Ne3 Re6 32. Nd5 Qa7 33. g5 Nxf2 34. Qxf2 Bc5 35. Ne3 Rf8 36. Kg2 Qb6 37. Qh4 Qb7+ 38. Rd5 Rf7 39. Qe4 Re8 40. Ng4 Bf8 41. Re3 Bd6 42. Rd1 1-0

[Event "Erfurt HT op 27th"]
[Site "Erfurt"]
[Date "2017.12.28"]
[Round "5"]
[White "Minor, Viatcheslav"]
[Black "Budde, Michael"]
[Result "1-0"]
[WhiteElo "1999"]
[BlackElo "1942"]
[PlyCount "120"]
[EventDate "2017.12.26"]
[EventType "swiss"]
[EventRounds "8"]
[EventCountry "GER"]
[SourceTitle "CBM 182 Extra"]
[Source "ChessBase"]
[SourceDate "2018.02.23"]
[SourceVersion "1"]
[SourceVersionDate "2018.02.23"]
[SourceQuality "1"]

1. e4 Nf6 2. e5 Nd5 3. d4 d6 4. Nf3 dxe5 5. Nxe5 Bf5 6. Be2 Nd7 7. Nf3 e6 8. a3 c5 9. 0-0 Be7 10. c4 N5f6 11. Nc3 0-0 12. h3 Nb6 13. Be3 Rc8 14. b3 Ne4 15. Nxe4 Bxe4 16. Qd2 Qc7 17. dxc5 Bxc5 18. Bxc5 Qxc5 19. Rfd1 Rc7 20. Qf4 Bc2 21. b4 Qe7 22. Rdc1 Bg6 23. Ne5 Rfc8 24. Bf3 Qf6 25. Qxf6 gxf6 26. Nxg6 fxg6 27. c5 Nd7 28. Rd1 Ne5 29. Be2 a6 30. Rd6 Rc6 31. Rad1 a5 32. Bb5 Nf7 33. Bxc6 bxc6 34. Rxe6 axb4 35. axb4 f5 36. Rd7 Rb8 37. Ree7 Ng5 38. h4 Ne4 39. Rg7+ Kf8 40. Rdf7+ Ke8 41. Rg8+ Kxf7 42. Rxb8 Ke6 43. Rd8 Ke5 44. Rh8 Nf6 45. Kf1 Kd4 46. Rd8+ Nd5 47. Rd6 Ke5 48. Rxc6 Nxb4 49. Rc8 Kd5 50. Ke2 Nc6 51. Rc7 Kxc5 52. Rxh7 Nd8 53. Rd7 Ne6 54. Ke3 Kc6 55. Rd1 Kc5 56. Kf3 Kc6 57. Kg3 Kc7 58. Re1 Kd6 59. Rxe6+ Kxe6 60. Kf4 Kf6 1-0

[Event "Leipzig VfB op 21st"]
[Site "Leipzig"]
[Date "2014.03.08"]
[Round "7"]
[White "Heinrich, Thomas"]
[Black "Minor, Viatcheslav"]
[Result "0-1"]
[WhiteElo "2239"]
[BlackElo "2046"]
[PlyCount "104"]
[EventDate "2014.03.04"]
[EventType "tourn"]
[EventRounds "9"]
[EventCountry "GER"]
[SourceTitle "CBM 159 Extra"]
[Source "ChessBase"]
[SourceDate "2014.04.24"]
[SourceVersion "1"]
[SourceVersionDate "2014.04.24"]
[SourceQuality "1"]

1. Nf3 d6 2. d4 h6 3. c4 g5 4. Nc3 Bg7 5. e4 Nd7 6. Be2 e5 7. d5 Ne7 8. h4 g4 9. Nd2 h5 10. g3 Bh6 11. Nf1 Bxc1 12. Qxc1 a5 13. Qg5 Ng6 14. Ne3 Nc5 15. 0-0-0 Bd7 16. f3 Qxg5 17. hxg5 gxf3 18. Bxf3 h4 19. Nf5 hxg3 20. Rxh8+ Nxh8 21. Ne2 0-0-0 22. Nexg3 Ng6 23. Kd2 Rh8 24. Rh1 Rxh1 25. Bxh1 Nf4 26. Nh6 Be8 27. Bf3 Kd8 28. Bg4 Ke7 29. Ng8+ Kd8 30. Nf6 Nd7 31. Nfh5 Nxh5 32. Bxh5 Nf8 33. Ke3 Nh7 34. Kf3 Nxg5+ 35. Kg4 Nh7 36. Kh4 Ke7 37. Bf3 Bd7 38. b3 Kf6 39. a3 Nf8 40. Nh5+ Kg6 41. b4 axb4 42. axb4 f5 43. exf5+ Bxf5 44. Be2 Nd7 45. Ng3 Bc2 46. Nf1 Nf6 47. Ne3 Be4 48. b5 b6 49. Nd1 Kf5 50. Nc3 Kf4 51. Na2 Ke3 52. Bd1 Bd3 0-1

[Event "Leipzig VfB op 21st"]
[Site "Leipzig"]
[Date "2014.03.08"]
[Round "8"]
[White "Minor, Viatcheslav"]
[Black "Meissner, Felix"]
[Result "1/2-1/2"]
[WhiteElo "2046"]
[BlackElo "2296"]
[PlyCount "32"]
[EventDate "2014.03.04"]
[EventType "tourn"]
[EventRounds "9"]
[EventCountry "GER"]
[SourceTitle "CBM 159 Extra"]
[Source "ChessBase"]
[SourceDate "2014.04.24"]
[SourceVersion "1"]
[SourceVersionDate "2014.04.24"]
[SourceQuality "1"]

1. e4 c5 2. c3 Nf6 3. e5 Nd5 4. d4 cxd4 5. Nf3 e6 6. cxd4 b6 7. Bc4 Bb7 8. 0-0 Be7 9. Qe2 0-0 10. Bd3 f5 11. exf6 Nxf6 12. Nc3 Qe8 13. Ng5 h6 14. Nge4 Nxe4 15. Bxe4 Bxe4 16. Qxe4 Na6 1/2-1/2

[Event "Leipzig VfB op 21st"]
[Site "Leipzig"]
[Date "2014.03.07"]
[Round "6"]
[White "Minor, Viatcheslav"]
[Black "Herfurth, Thomas"]
[Result "1-0"]
[WhiteElo "2046"]
[BlackElo "1928"]
[PlyCount "49"]
[EventDate "2014.03.04"]
[EventType "tourn"]
[EventRounds "9"]
[EventCountry "GER"]
[SourceTitle "CBM 159 Extra"]
[Source "ChessBase"]
[SourceDate "2014.04.24"]
[SourceVersion "1"]
[SourceVersionDate "2014.04.24"]
[SourceQuality "1"]

1. e4 e6 2. d3 d5 3. Nd2 Nf6 4. Ngf3 c5 5. g3 Nc6 6. Bg2 Bd6 7. 0-0 0-0 8. Re1 Qc7 9. Qe2 Nd7 10. c3 b5 11. d4 b4 12. exd5 exd5 13. c4 Ba6 14. b3 cxd4 15. Bb2 Bc5 16. Ng5 Nf6 17. Ne6 fxe6 18. Qxe6+ Kh8 19. cxd5 Bb5 20. dxc6 Rae8 21. Qf5 Qb6 22. Rxe8 Rxe8 23. Ne4 Nxe4 24. Bxe4 Rxe4 25. Qc8+ 1-0

[Event "Leipzig VfB op 21st"]
[Site "Leipzig"]
[Date "2014.03.04"]
[Round "1"]
[White "Huelle, Gunter"]
[Black "Minor, Viatcheslav"]
[Result "0-1"]
[WhiteElo "1726"]
[BlackElo "2046"]
[PlyCount "54"]
[EventDate "2014.03.04"]
[EventType "tourn"]
[EventRounds "9"]
[EventCountry "GER"]
[SourceTitle "CBM 159 Extra"]
[Source "ChessBase"]
[SourceDate "2014.04.24"]
[SourceVersion "1"]
[SourceVersionDate "2014.04.24"]
[SourceQuality "1"]

1. b4 d5 2. Bb2 Nf6 3. e3 Bf5 4. b5 e6 5. Nf3 Be7 6. Be2 c5 7. c4 Nbd7 8. 0-0 0-0 9. d4 dxc4 10. Nbd2 cxd4 11. Nxd4 Bg6 12. Nxc4 e5 13. Nf3 e4 14. Nh4 Nc5 15. Nxg6 hxg6 16. Be5 Nfd7 17. Bd6 Re8 18. Qd5 b6 19. Bxe7 Qxe7 20. Nd6 Red8 21. Rfd1 Ne5 22. Rd4 Rab8 23. Rad1 Rd7 24. Bc4 Rbd8 25. Rxe4 Nxe4 26. Qxe4 Rxd6 27. Rxd6 Rxd6 0-1

[Event "Erfurt op HT 23rd"]
[Site "Erfurt"]
[Date "2013.12.29"]
[Round "6"]
[White "Huebner, Silvio"]
[Black "Minor, Viatcheslav"]
[Result "0-1"]
[WhiteElo "1835"]
[BlackElo "2035"]
[PlyCount "58"]
[EventDate "2013.12.26"]
[EventType "swiss"]
[EventRounds "8"]
[EventCountry "GER"]
[SourceTitle "EXT 2016"]
[Source "ChessBase"]
[SourceDate "2015.10.08"]
[SourceVersion "1"]
[SourceVersionDate "2015.10.08"]
[SourceQuality "1"]

1. d4 Nf6 2. c4 g6 3. Nc3 Bg7 4. e4 d6 5. Bd3 0-0 6. f3 e5 7. d5 c6 8. Be3 cxd5 9. cxd5 Nbd7 10. h4 Nh5 11. Nge2 f5 12. g4 fxg4 13. fxg4 Nf4 14. Qd2 Ng2+ 15. Kd1 Nxe3+ 16. Qxe3 Nf6 17. Kc2 Nxg4 18. Qg3 Qb6 19. b3 Bd7 20. h5 g5 21. h6 Bf6 22. Kb2 Be7 23. Bb5 Bc8 24. Raf1 Rf2 25. Be8 Qd4 26. Kb1 Rxe2 27. Qf3 Rf2 28. Rxf2 Qxf2 29. Qh3 Nf6 0-1

[Event "Erfurt op HT 23rd"]
[Site "Erfurt"]
[Date "2013.12.28"]
[Round "4"]
[White "Link, Klaus"]
[Black "Minor, Viatcheslav"]
[Result "1/2-1/2"]
[WhiteElo "1934"]
[BlackElo "2035"]
[PlyCount "53"]
[EventDate "2013.12.26"]
[EventType "swiss"]
[EventRounds "8"]
[EventCountry "GER"]
[SourceTitle "EXT 2016"]
[Source "ChessBase"]
[SourceDate "2015.10.08"]
[SourceVersion "1"]
[SourceVersionDate "2015.10.08"]
[SourceQuality "1"]

1. e4 e6 2. d4 d5 3. Nd2 c5 4. exd5 Qxd5 5. Ngf3 cxd4 6. Bc4 Qd6 7. 0-0 Nf6 8. Re1 Nc6 9. Nb3 a6 10. Nbxd4 Nxd4 11. Nxd4 Qc7 12. Qe2 Bd6 13. h3 b5 14. Bd3 0-0 15. Bg5 Nd5 16. Qe4 g6 17. Rac1 Bb7 18. Qh4 Bh2+ 19. Kh1 Bf4 20. Rcd1 Bxg5 21. Qxg5 Qf4 22. Qxf4 Nxf4 23. Be4 Bd5 24. Bxd5 Nxd5 25. c3 Rac8 26. g3 Rc4 27. Nf3 1/2-1/2

[Event "Thueringer Wald Schach-Cup 14th"]
[Site "Gotha"]
[Date "2012.11.10"]
[Round "5"]
[White "Meul, Willi"]
[Black "Minor, Viatcheslav"]
[Result "0-1"]
[WhiteElo "1869"]
[BlackElo "2086"]
[PlyCount "50"]
[EventDate "2012.11.07"]
[EventType "swiss"]
[EventRounds "7"]
[EventCountry "GER"]
[SourceTitle "EXT 2013"]
[Source "ChessBase"]
[SourceDate "2012.11.22"]
[SourceVersion "1"]
[SourceVersionDate "2012.11.22"]
[SourceQuality "1"]

1. d4 d6 2. Nf3 h6 3. b3 g5 4. Bb2 Bg7 5. c4 g4 6. Nfd2 Nc6 7. e3 Bf5 8. Nc3 e5 9. d5 Nce7 10. e4 Bd7 11. Be2 Nf6 12. b4 Ng6 13. g3 0-0 14. c5 h5 15. Qc2 Qe7 16. Nb3 Nh7 17. Bb5 Ng5 18. Bxd7 Nf3+ 19. Ke2 Qxd7 20. a4 Qe7 21. h4 Rfe8 22. Nd1 Nd4+ 23. Nxd4 exd4 24. f3 gxf3+ 25. Kxf3 d3 0-1

[Event "Thueringer Wald Schach-Cup 14th"]
[Site "Gotha"]
[Date "2012.11.08"]
[Round "3"]
[White "Haase, Reinhard"]
[Black "Minor, Viatcheslav"]
[Result "1/2-1/2"]
[WhiteElo "2152"]
[BlackElo "2086"]
[PlyCount "43"]
[EventDate "2012.11.07"]
[EventType "swiss"]
[EventRounds "7"]
[EventCountry "GER"]
[SourceTitle "EXT 2013"]
[Source "ChessBase"]
[SourceDate "2012.11.22"]
[SourceVersion "1"]
[SourceVersionDate "2012.11.22"]
[SourceQuality "1"]

1. c4 Nf6 2. Nf3 g6 3. Nc3 Bg7 4. d4 0-0 5. e4 d6 6. Be2 e5 7. dxe5 dxe5 8. Qxd8 Rxd8 9. Bg5 Re8 10. Nd5 Nxd5 11. cxd5 c6 12. Bc4 cxd5 13. Bxd5 Nc6 14. Bxc6 bxc6 15. 0-0 Be6 16. Rfc1 Reb8 17. b3 a5 18. Rxc6 a4 19. bxa4 Rxa4 20. Nd2 Rxa2 21. Rxa2 Bxa2 22. f3 1/2-1/2